000
00258nam a22001217a 4500
008
170713b xxu||||| |||| 00| 0 eng d
041
_a
eng
080
_a
17
100
_a
24
101
_a
FIL
245
_a
PRINCIPIA ETHICA
_c
MOORE.G.E
942
_2
udc
_c
BK
999
_c
20560
_d
20560